01314nam a22003254a 4500001001100000003000800011006001900019007001500038008004100053010001700094020002800111040002100139035002100160050002500181082001600206245012600222260004400348300002300392500006800415504006600483533015200549650003900701650001700740655002900757700002300786700002400809710001700833856012500850999001300975ebr5003893CaPaEBRm u cr cn|||||||||000327s2001 ctua sb 001 0 eng  z 00037264  z1567203841 (alk. paper) aCaPaEBRcCaPaEBR a(OCoLC)61471383314aHD38.7b.M365 2001eb04a658.4/722100aManaging frontiers in competitive intelligenceh[electronic resource] /cedited by Craig S. Fleisher, David L. Blenkhorn. aWestport, Conn. :bQuorum Books,c2001. axi, 313 p. :bill. aA collection of 24 papers by the editors and other researchers. aIncludes bibliographical references (p. [297]-304) and index. aElectronic reproduction.bPalo Alto, Calif. :cebrary,d2013.nAvailable via World Wide Web.nAccess may be limited to ebrary affiliated libraries. 0aBusiness intelligencexManagement. 0aCompetition. 7aElectronic books.2local1 aFleisher, Craig S.1 aBlenkhorn, David L.2 aebrary, Inc.40uhttp://site.ebrary.com/lib/rucke/Doc?id=5003893zAn electronic book accessible through the World Wide Web; click to view c658d658